000 00674nam a2200217 a 4500
005 20220621180049.0
008 991125s1930 mx 000 0 spa u
035 _aUPN01000004299
049 _aCE
050 4 _aF1233.5 S4
_bV4.3
100 1 _aVelasco Ceballos, Rómulo
_932229
245 1 0 _aAquiles Serdán /
_cR. Velasco Ceballos.
260 _aMéxico :
_bUNDA y García,
_c1930.
300 _a30 p.
440 0 _aCuaderno ;
_v1
500 _aEpisodios de la Revolución de 1910
500 _aDisponible en la Colección Medina
600 1 4 _aSERDAN, AQUILES,
_d1876-1910
_924835
651 0 _aMéxico
_xHistoria
_yRevolución, 1910-1917
_vFuentes
_94498
905 _aLibro
999 _c4299
_d4299